000 01124cad a22002295a 4500
001 L157418
008 121129s2012 xxk f 000 0 eng d
035 _a(Sirsi) u157418
041 0 _aeng
110 2 _aClifford Chance LLP
245 0 0 _aBIM
_bcoming to a project near you
_h[electronic resource]
260 _aLondon
_bClifford Chance LLP
_c2012
490 0 _aClifford Chance Briefing note
_vNovember 2012
520 _aExamines whether BIM really will have the type of far-reaching implications that many commentators have suggested, focussing on the impact (if any) of BIM on collaboration/construction procurement routes; new professional disciplines: the BIM Model Manager; design liability/PI insurance; intellectual property/copyright; and confidentiality.
590 _aKA NTK
650 2 4 _aBUILDING INFORMATION MODELLING
650 2 4 _aBIM
_96219
651 4 _aUnited Kingdom
_y
690 _aBIM
_96219
856 4 0 _uhttps://www.cliffordchance.com/publicationviews/publications/2012/11/bim_coming_to_a_projectnearyou.html
_zDownload the briefing note free of charge at www.cliffordchance.com
942 _n0
999 _c114763
_d114763